000 00635nam a22001697a 4500
999 _c19895
_d19895
008 240326b ||||| |||| 00| 0 eng d
020 _a9713008154
082 _aDFil 621.43
_bM29 1978
100 _aMaleev, V.L.
_955517
245 _aDiesel engine operation and maintenance :
_bthe construction, operation, maintenance, and repair of modern diesel engines /
_cV.L Maleev.
260 _aManila :
_bMerriam Webster Bookstore, Inc.,
_c©1978.
300 _avii, 504 pages :
_billustrations ;
_c22 cm.
500 _aIncludes index.
650 _aDiesel motor.
_923047
650 _aInternal combustion engines.
_950321
942 _2ddc
_cDFIL